Metodología y técnicas de atletismo

Guardat en:
Dades bibliogràfiques
Autor principal: Rius Sant, Joan (autor)
Format: Llibre
Idioma:espanyol
Publicat: Barcelona, España: Paidotribo, 2005.
Edició:1a. ed
Matèries:
Etiquetes: Afegir etiqueta
Sense etiquetes, Sigues el primer a etiquetar aquest registre!

MARC

LEADER 00000nam a2200000 a 4500
001 UCG4584
003 CL-VaPUC
005 20240820152946.0
008 101111e20050000SP |||||||||||||||||spa|d
020 |a 848019829X 
040 |c Pontificia Universidad Católica de Valparaíso 
082 0 4 |a 796.4 RIU 2005  |2 21 
100 0 |a Rius Sant, Joan  |e autor  |9 553958 
245 1 0 |a Metodología y técnicas de atletismo 
250 |a 1a. ed 
260 |a Barcelona, España:  |b Paidotribo,  |c 2005. 
300 |a 479 páginas.  
583 |a last modification  |c 20101111 00:00:00  |k Rodrigo Vera 
650 0 |a Atletismo  |9 307422 
650 7 |a Entrenamiento atlético  |2 CL-VaPUC  |9 553959 
650 0 |a Actividad física  |9 362156 
942 |c BK  |2 ddc 
945 |d 20101111 00:00:00  |a mfarfan 
999 |c 343276  |d 343274 
952 |0 0  |1 0  |4 0  |6 796_400000000000000_RIU_2005  |7 0  |8 A  |9 440474  |a BIBEDU  |b BIBEDU  |d 2019-11-22  |i 4732944  |o 796.4 RIU 2005  |p 4732944  |r 2019-11-22  |w 2019-11-22  |y BK  |k EFI 
952 |0 0  |1 0  |4 0  |6 796_400000000000000_RIU_2005  |7 0  |8 A  |9 440475  |a BIBEDU  |b BIBEDU  |d 2019-11-22  |i 4732952  |o 796.4 RIU 2005  |p 4732952  |r 2019-11-22  |w 2019-11-22  |y BK  |k EFI 
952 |0 0  |1 0  |4 0  |6 796_400000000000000_RIU_2005  |7 0  |8 A  |9 440476  |a BIBEDU  |b BIBEDU  |d 2019-11-22  |i 4783824  |o 796.4 RIU 2005  |p 4783824  |r 2019-11-22  |w 2019-11-22  |y BK  |k EFI 
952 |0 0  |1 0  |2 ddc  |4 0  |6 796_400000000000000_RIU_2005  |7 0  |8 A  |9 588359  |a BIBEDU  |b BIBEDU  |c GEN  |d 2022-12-19  |e 3  |g 53720.00  |i 5656151  |l 1  |m 2  |o 796.4 RIU 2005  |p 5656151  |r 2024-09-09  |s 2024-08-19  |t 6  |v 53720.00  |w 2022-12-19  |y BK  |k EFI 
952 |0 0  |1 0  |2 ddc  |4 0  |6 796_400000000000000_RIU_2005  |7 0  |8 A  |9 588360  |a BIBEDU  |b BIBEDU  |c GEN  |d 2022-12-19  |e 3  |g 53720.00  |i 5656149  |o 796.4 RIU 2005  |p 5656149  |r 2022-12-19  |t 4   |v 53720.00  |w 2022-12-19  |y BK  |k EFI 
952 |0 0  |1 0  |2 ddc  |4 0  |6 796_400000000000000_RIU_2005  |7 0  |8 A  |9 588361  |a BIBEDU  |b BIBEDU  |c GEN  |d 2022-12-19  |e 3  |g 53720.00  |i 5656152  |l 2  |o 796.4 RIU 2005  |p 5656152  |r 2023-06-22  |s 2023-06-20  |t 7  |v 53720.00  |w 2022-12-19  |y BK  |k EFI 
952 |0 0  |1 0  |2 ddc  |4 0  |6 796_400000000000000_RIU_2005  |7 0  |8 A  |9 588362  |a BIBEDU  |b BIBEDU  |c GEN  |d 2022-12-19  |e 3  |g 53720.00  |i 5656150  |o 796.4 RIU 2005  |p 5656150  |r 2022-12-19  |t 5   |v 53720.00  |w 2022-12-19  |y BK  |k EFI